|
|
|
|
| LEADER |
00000naa2a2200000 4500 |
| 001 |
635266 |
| 005 |
20240115094017.0 |
| 035 |
|
|
|a (RuTPU)RU\TPU\conf\37112
|
| 035 |
|
|
|a RU\TPU\conf\37111
|
| 090 |
|
|
|a 635266
|
| 100 |
|
|
|a 20221214d2022 k y0rusy50 ba
|
| 101 |
0 |
|
|a eng
|
| 102 |
|
|
|a RU
|
| 105 |
|
|
|a y z 101zy
|
| 135 |
|
|
|a drgn ---uucaa
|
| 181 |
|
0 |
|a i
|
| 182 |
|
0 |
|a b
|
| 200 |
1 |
|
|a The impact of original medium on translation of the monograph
|f А. В. Диденко
|
| 203 |
|
|
|a Текст
|c электронный
|
| 225 |
1 |
|
|a Профессия переводчика: вызовы современности и опыт преподавания перевода
|
| 300 |
|
|
|a Заглавие с экрана
|
| 320 |
|
|
|a [Библиогр.: с. 121-122 (10 назв.)]
|
| 330 |
|
|
|a This study is aimed at analyzing the effects of medium on translation of the scientific text in philology which include the impact of academic context and culture of the source and target languages, revealed through the translation analysis of the monograph «An Obsession with History: Russian Writers Confront the Past» by A. B. Wachtel.
|
| 463 |
|
0 |
|0 (RuTPU)RU\TPU\conf\37057
|t Язык. Общество. Образование
|o сборник научных трудов III Международной научно-практической конференции "Лингвистические и культурологические аспекты современного инженерного образования", Томск, 10-12 ноября 2022 г.
|f Национальный исследовательский Томский политехнический университет (ТПУ); гл. ред. Ю. В. Кобенко
|v [С. 117-122]
|d 2022
|
| 610 |
1 |
|
|a электронный ресурс
|
| 610 |
1 |
|
|a труды учёных ТПУ
|
| 610 |
1 |
|
|a translation
|
| 610 |
1 |
|
|a rhetoric means
|
| 610 |
1 |
|
|a scientific text
|
| 610 |
1 |
|
|a genre
|
| 610 |
1 |
|
|a stylistics
|
| 610 |
1 |
|
|a academic discourse
|
| 610 |
1 |
|
|a переводы
|
| 610 |
1 |
|
|a научные тексты
|
| 610 |
1 |
|
|a жанры
|
| 610 |
1 |
|
|a стилистика
|
| 610 |
1 |
|
|a дискурс
|
| 700 |
|
1 |
|a Диденко
|b А. В.
|c лингвист
|c доцент Томского политехнического университета, кандидат филологических наук
|f 1978-
|g Анастасия Владимировна
|3 (RuTPU)RU\TPU\pers\28348
|9 13257
|
| 712 |
0 |
2 |
|a Национальный исследовательский Томский политехнический университет
|b Школа базовой инженерной подготовки
|b Отделение иностранных языков
|3 (RuTPU)RU\TPU\col\23510
|
| 801 |
|
2 |
|a RU
|b 63413507
|c 20221226
|g RCR
|
| 856 |
4 |
|
|u http://earchive.tpu.ru/handle/11683/74238
|
| 942 |
|
|
|c BK
|